<The> Importance of Digital Competitiveness and Human Capital for Economic Growth
Identifikácia vývoja a štruktúry digitálnej konkurencieschopnosti v krajinách V4 počas rokov 2014-2018. Objasnenie vzájomných vzťahov medzi daným fenoménom, ľudským kapitálom a HDP. Model digitálnej konkurencieschopnosti a popis jeho zložiek (vedomosti, technológie, budúca pripravenosť).
Guardado en:
| Autor principal: | |
|---|---|
| Otros Autores: | |
| Formato: | Capítulo de libro |
| Lenguaje: | inglés |
| Materias: | |
| Etiquetas: |
Sin Etiquetas, Sea el primero en etiquetar este registro!
|
MARC
| LEADER | 00000naa$a2200000$$$4500 | ||
|---|---|---|---|
| 001 | 0259166 | ||
| 005 | 20240502083737.6 | ||
| 041 | 0 | |a eng | |
| 044 | |a PL | ||
| 245 | 1 | 0 | |a <The> Importance of Digital Competitiveness and Human Capital for Economic Growth |c Mária Antalová, Viera Labudová |
| 520 | |a Identifikácia vývoja a štruktúry digitálnej konkurencieschopnosti v krajinách V4 počas rokov 2014-2018. Objasnenie vzájomných vzťahov medzi daným fenoménom, ľudským kapitálom a HDP. Model digitálnej konkurencieschopnosti a popis jeho zložiek (vedomosti, technológie, budúca pripravenosť). | ||
| 610 | 2 | 0 | |a digitalizácia |
| 610 | 2 | 0 | |a konkurencieschopnosť |
| 610 | 2 | 0 | |a kapitál ľudský |
| 610 | 2 | 0 | |a rast hospodársky |
| 610 | 2 | 0 | |a gramotnosť digitálna |
| 610 | 2 | 0 | |a Vyšehradská štvorka |
| 610 | 2 | 0 | |a porovnanie štatistické medzinárodné |
| 100 | 1 | |a Antalová, Mária, 1952- | |
| 700 | 1 | |a Labudová, Viera, 1958- | |